Spanish Economic Growth, 1850 (Record no. 65711)
[ view plain ]
| 000 -LEADER | |
|---|---|
| fixed length control field | 00915nam a2200241Ii 4500 |
| 008 - FIXED-LENGTH DATA ELEMENTS--GENERAL INFORMATION | |
| fixed length control field | 221202s xx 000 0 und d |
| 100 1# - MAIN ENTRY--PERSONAL NAME | |
| Personal name | Prados de la Escosura, Leandro, |
| Relator term | author |
| 245 #0 - TITLE STATEMENT | |
| Title | Spanish Economic Growth, 1850 |
| Remainder of title | 77.01388888888889 |
| 264 #1 - PRODUCTION, PUBLICATION, DISTRIBUTION, MANUFACTURE, AND COPYRIGHT NOTICE | |
| Place of production, publication, distribution, manufacture | Basingstoke |
| Name of producer, publisher, distributor, manufacturer | Springer Nature |
| Date of production, publication, distribution, manufacture, or copyright notice | 2017 |
| 300 ## - PHYSICAL DESCRIPTION | |
| Extent | 1 online resource |
| 336 ## - CONTENT TYPE | |
| Content type term | text |
| Content type code | txt |
| Source | rdacontent |
| 337 ## - MEDIA TYPE | |
| Media type term | computer |
| Media type code | c |
| Source | rdamedia |
| 338 ## - CARRIER TYPE | |
| Carrier type term | online resource |
| Carrier type code | cr |
| Source | rdacarrier |
| 490 ## - SERIES STATEMENT | |
| Series statement | Palgrave Studies in Economic History |
| 520 ## - SUMMARY, ETC. | |
| Summary, etc. | economics; productivity; consumption; value; income; expenditure |
| 653 ## - INDEX TERM--UNCONTROLLED | |
| Uncontrolled term | Consumption |
| 653 ## - INDEX TERM--UNCONTROLLED | |
| Uncontrolled term | Economics |
| 653 ## - INDEX TERM--UNCONTROLLED | |
| Uncontrolled term | Income |
| 653 ## - INDEX TERM--UNCONTROLLED | |
| Uncontrolled term | Productivity |
| 653 ## - INDEX TERM--UNCONTROLLED | |
| Uncontrolled term | Value |
| 856 ## - ELECTRONIC LOCATION AND ACCESS | |
| Uniform Resource Identifier | <a href="https://library.oapen.org/bitstream/20.500.12657/27869/1/1002135.pdfhttps://link.springer.com/book/10.1007/978-3-319-58042-5http://library.oapen.org/handle/20.500.12657/27869">https://library.oapen.org/bitstream/20.500.12657/27869/1/1002135.pdfhttps://link.springer.com/book/10.1007/978-3-319-58042-5http://library.oapen.org/handle/20.500.12657/27869</a> |
| 942 ## - ADDED ENTRY ELEMENTS (KOHA) | |
| Koha item type | E-Book |
| Withdrawn status | Damaged status | Not for loan | Home library | Current library | Date acquired | Total Checkouts | Date last seen | Price effective from | Koha item type |
|---|---|---|---|---|---|---|---|---|---|
| Directory of Open Access Books | Directory of Open Access Books | 11/28/2022 | 11/28/2022 | 11/28/2022 | E-Book |